00822nam a2200205 a 4500001001000000005001700010008004100027020001800068040001300086050002100099245011300120260010300233300002400336500010900360504004100469650003600510700001900546700002300565700002800588BRCA_312420190320204125.0081201s2008 cl-a---###---#000-0#spa-# a9789567297023 aDLCcDLC 4aN6502b.A44 200810aAméricabterritorios de transferenciasceditores Marcela Drien, Fernando Guzmán, Juan Manuel Martínez. aSantiago de ChilebDirección de Biliotecas, Archivos y Museos : Museo Histórico Nacionalc2008 a323 p.bil.c26 cm. aCuartas Jornadas de Historia del Arte (Valparaso, Chile and Viña del Mar (Chile), 20 - 22 agosto, 2008 aIncluye referencias bibliográficas14aArte LatinoamericanoxCongresos1 aDrien, Marcela1 aGuzmán, Fernando1 aMartínez, Juan Manuel